Úvahy a návrhy k znaleckému posudku v odbore Ekonomika a riadenie podnikov
Náčrt možných zmien v legislatívnej úprave upravujúcej znaleckú činnosť so špecifickým akcentom na obsahové vymedzenie štruktúry znaleckého posudku zameraného na stanovenie hodnoty podniku. Konkrétny návrh osnovy znaleckého posudku pre znalecký odbor Ekonomika a riadenie podnikov.
Na minha lista:
| Autor principal: | |
|---|---|
| Outros Autores: | |
| Formato: | Capítulo de Livro |
| Idioma: | eslovaco |
| Assuntos: | |
| Tags: |
Sem tags, seja o primeiro a adicionar uma tag!
|
MARC
| LEADER | 00000naa$a2200000$$$4500 | ||
|---|---|---|---|
| 001 | 0258321 | ||
| 005 | 20240502074105.9 | ||
| 041 | 0 | |a slo | |
| 044 | |a SK | ||
| 245 | 1 | 0 | |a Úvahy a návrhy k znaleckému posudku v odbore Ekonomika a riadenie podnikov |c Helena Majdúchová, Iveta Sedláková |
| 520 | |a Náčrt možných zmien v legislatívnej úprave upravujúcej znaleckú činnosť so špecifickým akcentom na obsahové vymedzenie štruktúry znaleckého posudku zameraného na stanovenie hodnoty podniku. Konkrétny návrh osnovy znaleckého posudku pre znalecký odbor Ekonomika a riadenie podnikov. | ||
| 610 | 2 | 0 | |a znalectvo |
| 610 | 2 | 0 | |a hodnota |
| 610 | 2 | 0 | |a podnik |
| 610 | 2 | 0 | |a riadenie podnikové |
| 610 | 2 | 0 | |a ohodnocovanie podniku |
| 100 | 1 | |a Majdúchová, Helena, 1963- | |
| 700 | 1 | |a Sedláková, Iveta | |